Servisné HMI

Saved in:
Bibliographic Details
Main Author: Morvay, Michal (Author)
Other Authors: Körösi, Ladislav (Thesis advisor)
Format: Manuscript Book
Language:Slovak
Published: 2015
Subjects:
Online Access:http://is.stuba.sk/zp/portal_zp.pl?podrobnosti=111670
Tags: Add Tag
No Tags, Be the first to tag this record!

MARC

LEADER 00000ntm a22000003a 4500
001 stuzp51742
003 SK-STU
005 20160719153943.1
007 ta
008 150427s2015----xo-----f-mn---000-0-slo-d
040 |a STU  |b slo 
041 0 |a slo 
100 1 |a Morvay, Michal  |u 031000  |4 aut  |U FEI Fakulta elektrotechniky a informatiky  |T FEI Ústav robotiky a kybernetiky  |X 6010  |U E011  |Y 356  |7 A000006010 
242 0 1 |a Service HMI  |y eng 
245 1 0 |a Servisné HMI 
260 |c 2015 
300 |a 53 s., príl.  |b DVD 
650 4 |a servisné HMI  |2 slo 
650 4 |a frekvenčný menič  |2 slo 
650 4 |a diagnostika frekvenčného meniča  |2 slo 
650 4 |a parametrizácia frekvenčného meniča  |2 slo 
650 4 |a rozhranie človek stroj  |2 slo 
650 4 |a parametrization of variable speed drive  |2 eng 
650 4 |a diagnostic of variable speed drive  |2 eng 
650 4 |a variable speed drive  |2 eng 
650 4 |a human machine interface  |2 eng 
650 4 |a service HMI  |2 eng 
700 1 |a Körösi, Ladislav  |4 ths  |X 4960  |7 A000004960 
856 4 |u http://is.stuba.sk/zp/portal_zp.pl?podrobnosti=111670 
996 |b 284EP11073  |c E*DIPL- 11073  |l EE31  |s P  |a 0  |w stuzp51742_0001 
SQL |a stuzp51742  |b DDP  |c SLO  |d Servisné HMI  |e 6010  |f Morvay, Michal  |g 031000  |h 4960  |i Körösi, Ladislav  |j 20150616  |k 81  |l 03  |m http://is.stuba.sk/zp/portal_zp.pl?podrobnosti=111670  |n I-KYB  |o 9.2.7. kybernetika